Pokemon Gym Leaders from their Pokemon - Statistics

General Stats
  • This quiz has been taken 34 times
  • The average score is 8 of 10
Answer Stats
Team Answer % Correct
Staryu,Starmie Misty
100%
Rhyhorn,Dugtrio,Nidoqueen,Nidoking,Rhydon Giovanni
93%
Ghastly,Haunter,Gengar,Haunter Morty
93%
Cherubi,Turtwig,Roserade Gardenia
90%
Fraxure,Druddigon,Haxorus Drayden/Iris
86%
Luvdisc,Whiscash,Sealeo,Crawdaunt,Kingdra Juan
76%
Sigilyph,Slowking,Meowstic Olympia
76%
Magnemite,Voltorb,Magneton Wattson
76%
Carracosta,Wailord,Jellicent Marlon
69%
Scrafty,Malamar,Skuntank,Obstagoon Piers
69%
No matching quizzes found
Score Distribution
Percent of People with Each Score
Percentile by Number Answered
Your Score History
You have not taken this quiz